书目信息 |
| 题名: |
“有形的手”显威力
|
|
| 作者: | 王小广 , 樊彩耀 , 何凯军 编著 | |
| 分册: | ||
| 出版信息: | 北京 人民出版社 2008.01 |
|
| 页数: | 105页 | |
| 开本: | 21cm | |
| 丛书名: | ||
| 单 册: | ||
| 中图分类: | F123.16 | |
| 科图分类: | ||
| 主题词: | 宏观调控--中国--学习参考资料 | |
| 电子资源: | ||
| ISBN: | 978-7-01-006880-0 | |
| 000 | 01051nam0 2200277 450 | |
| 001 | wxs-0814-0351 | |
| 005 | 20101124111408.00 | |
| 010 | @a978-7-01-006880-0@dCNY6.50 | |
| 100 | @a20101129d2008 em y0chiy0110 ea | |
| 101 | 0 | @achi |
| 102 | @aCN@b110000 | |
| 105 | @aa a 000yy | |
| 200 | 1 | @a“有形的手”显威力@A“ you xing de shou ” xian wei li@e进一步完善宏观调控体系@f王小广,樊彩耀,何凯军编著 |
| 210 | @a北京@c人民出版社@d2008.01 | |
| 215 | @a105页@c图@d21cm | |
| 300 | @a共话时政十七大热点通俗读物/邢贲思主编 | |
| 320 | @a有书目 (第103-104页) | |
| 330 | @a本书介绍了新一轮宏观调控取得的成就及近期宏观调控面临的新形势,阐述了进一步完善宏观调控体系的三条重点:抓好“两闸一槛”、打好“组合拳”、改善民生。 | |
| 517 | 1 | @a进一步完善宏观调控体系@Ajin yi bu wan shan hong guan tiao kong ti xi |
| 606 | 0 | @a宏观调控@y中国@x学习参考资料 |
| 690 | @aF123.16@v4 | |
| 701 | 0 | @a王小广@Awang xiao guang@4编著 |
| 701 | 0 | @a樊彩耀@Afan cai yao@4编著 |
| 701 | 0 | @a何凯军@Ahe kai jun@4编著 |
| 801 | 0 | @aCN@c20101129 |
| 905 | @dF123.16@eW382 | |
| “有形的手”显威力:进一步完善宏观调控体系/王小广,樊彩耀,何凯军编著.-北京:人民出版社,2008.01 |
| 105页:图;21cm |
| 共话时政十七大热点通俗读物/邢贲思主编 |
| ISBN 978-7-01-006880-0:CNY6.50 |
| 本书介绍了新一轮宏观调控取得的成就及近期宏观调控面临的新形势,阐述了进一步完善宏观调控体系的三条重点:抓好“两闸一槛”、打好“组合拳”、改善民生。 |
| ● |
| 相关链接 |
|
|
|
正题名:"有形的手"显威力
索取号:F123.16/W382
 
预约/预借
| 序号 | 登录号 | 条形码 | 馆藏地/架位号 | 状态 | 备注 |
| 1 | 1035491 | 210354917 | 社科库409/409社科库 68排4列1层/ [索取号:F123.16/W382] | 在馆 | |
| 2 | 1035492 | 210354926 | 社科库409/409社科库 68排4列1层/ [索取号:F123.16/W382] | 在馆 | |
| 3 | 1035493 | 210354935 | 社科库409/409社科库 68排4列1层/ [索取号:F123.16/W382] | 在馆 |